000 01224cam a22003617a 4500
003 CHAP
005 20220817043754.0
008 010518d1997 ii r 00110 eng d
010 _a83946
011 _a84918
020 _a9290663332
035 _a95444
040 _cCHAP
090 _aFolleto 16233
110 2 _aInternational Crops Research Institute for the Semi-Arid Tropics
245 1 0 _aPearl millet variety SDMV 89004
_c/by International Crops Research Institute for the Semi-Arid Tropics
260 _aAndhra Pradesh, India :
_bInternational Crops Research Institute for the Semi-Arid Tropics,
_c1997.
300 _a4 p.
410 0 0 _aICRISAT
490 0 _aPlant material description
_v; 64
590 _aBATCH-UPD
_b10
_c20130110
_lUCH01
_h0044
590 _aBATCH-UPD
_b10
_c20130110
_lUCH01
_h0630
590 _aBATCH-UPD
_b10
_c20130110
_lUCH01
_h2349
590 _aCONVERSION
_b10
_c20130109
_lUCH01
_h1347
650 1 4 _aMijo perla.
_975666
650 1 4 _aMijo perla
_xVariedades.
_975685
810 0 0 _aICRISAT
_957272
830 0 0 _aPlant material description
_v; 64
_988771
901 _aBK
905 _aLilia Sánchez G.
942 _cFOLL
949 _aFolleto 16233
_bBC
_cFOLL
_d954441
_eTS1
_i95444
_sb
999 _c83946
_d83946